Central Library OPAC University of Rajshahi

The control of environment / (Record no. 11707)

MARC details
000 -LEADER
fixed length control field 00993cam a2200289u 4500
001 - CONTROL NUMBER
control field 11707
003 - CONTROL NUMBER IDENTIFIER
rucl marc code BD-RjUL
005 - DATE AND TIME OF LATEST TRANSACTION
control field 20211208235153.0
008 - FIXED-LENGTH DATA ELEMENTS--GENERAL INFORMATION
fixed length control field 140127t1967 ne a 100 0 eng
035 ## - SYSTEM CONTROL NUMBER
System control number (BD-RjUL)11756
040 ## - CATALOGING SOURCE
Original cataloging agency DLC
Transcribing agency CarP
Modifying agency DLC
-- BD-RjUL
Language of cataloging eng
041 ## - LANGUAGE CODE
Language code of text/sound track or separate title eng
082 04 - DEWEY DECIMAL CLASSIFICATION NUMBER
Edition number 16
Classification number 573.4
Author mark and year CON 1967
111 2# - MAIN ENTRY--MEETING NAME
Meeting name or jurisdiction name as entry element Nobel Conference,
Number of part/section/meeting 2d,
Location of meeting Gustavus Adolphus College,
Date of meeting 1966. [from old catalog]
9 (RLIN) 36220
245 14 - TITLE STATEMENT
Title The control of environment /
Statement of responsibility, etc. edited by John D. Roslansky.
260 ## - PUBLICATION, DISTRIBUTION, ETC. (IMPRINT)
Place of publication, distribution, etc. Amsterdam :
Name of publisher, distributor, etc. North-Holland Pub. Co.,
Date of publication, distribution, etc. 1967.
300 ## - PHYSICAL DESCRIPTION
Pagination x, 112 p. :
Size 23 cm.
Illustrations illus. ;
650 #0 - SUBJECT ADDED ENTRY--TOPICAL TERM
Topical term or geographic name as entry element Nature
General subdivision Effect of human beings on.
9 (RLIN) 5215
Topical term or geographic name as entry element Human beings
General subdivision Effect of environment on.
9 (RLIN) 32921
Topical term or geographic name as entry element Social problems.
9 (RLIN) 36221
700 1# - ADDED ENTRY--PERSONAL NAME
Personal name Roslansky, John D., [from old catalog]
Relator term ed.
Personal name Freeman, Orville L.
710 2# - ADDED ENTRY--CORPORATE NAME
Corporate name or jurisdiction name as entry element Gustavus Adolphus College.
9 (RLIN) 36224
942 ## - ADDED ENTRY ELEMENTS (KOHA)
Source of classification or shelving scheme Dewey Decimal Classification
Koha item type Books
Holdings
Lost status Source of classification or shelving scheme Damaged status Not for loan Collection code Permanent Location Current Location Shelving location Date acquired Source of acquisition Cost, normal purchase price Total Checkouts Full call number Date last seen Copy number Koha item type
  Dewey Decimal Classification   Not For Loan Non-fiction Central Library, University of Rajshahi Central Library, University of Rajshahi Reading Room 04/07/1970 Book view 33.75   573.4 CON 1967 27/01/2014 C-1 Books